00580nam a2200181Ia 4500008004100000020001800041041000800059082001600067100002400083245007100107250000600178260006600184300000800250365001300258942001200271999001900283952009600302140306s9999 xx 000 0 und d a9780070587588 aeng a337bSAL/IN aDominick, Salvatore aSchaum's Outline of Theory and Problems of international Economics a4 aNew DelhibTata Mc Graw Hill Publishing Company Limitedc2008 a276 bRs.299/- 2ddccBK c188156d188156 00102ddc4070aKAUCBVbKAUCBVg299.00l0o337 SAL/INr2014-03-22 00:00:00w2014-03-22yBK